00554nam a2200157 i 450000100060000000300090000600500170001500700030003200800410003510000470007624501350012326000690025830000270032770000210035485200210037590694ES-MaACL20230906180532.0t|050124s1903 fr ||||1| fre d1 aLeibniz, Gottfried Wilhelm cFreiherr von.10aOpuscules et fragments inédits de Leibniz / cextraits des manuscrits de la Bibliothèque Royale de Hanovre par Louis Couturat. aParis : bFélix Alcan, c1903 (eCoulommiers : fPaul Brodard) aXIV, 681 p. ; c24 cm.1 aCouturat, Louis. aES-MaACLjG-1252